000 01334nam a22003617a 4500
003 CHAP
005 20220329143535.0
008 100426s2010 mx r 00010 spa d
010 _a98242
011 _a99214
035 _a109899
040 _cCHAP
090 _aTesis
100 1 _aOrtiz Ortiz, Norberto
_984044
245 1 0 _aManejo integrado de plagas en la industria alimentaria
_c/por Norberto Ortiz Ortiz
260 _aChapingo, Méx. :
_bEl autor,
_c2010
300 _a38 h. :
_bilus.
502 _aTesis (Ing. Agr. Esp. en Parasitología Agrícola) -- UACH. Departamento de Parasitología Agrícola
530 _aTambién disponible en línea
590 _aALEPH
_b10
_c20130110
_lUCH01
_h1534
590 _aBATCH-UPD
_b10
_c20130110
_lUCH01
_h1149
590 _aBATCH-UPD
_b10
_c20140324
_lUCH01
_h1516
590 _aBATCH-UPD
_b10
_c20141002
_lUCH01
_h0843
590 _aCONVERSION
_b10
_c20130109
_lUCH01
_h1354
650 1 4 _aAlimentos
_xIndustria.
_94227
650 1 4 _aControl de plagas.
_927595
650 1 4 _aManejo integrado de plagas.
_970365
856 _3Finding aid
_uhttp://10.13.5.2/tesis/109899.pdf
_zTeclea aqui
901 _aBK
942 _cFOLL
949 _aTesis
_bBC
_cTES
_d33724002166413
_eTS1
_gDonaciØn
_h50396
_i109899
_sb
949 _aTesis
_bBC
_cTES
_d33724002166454
_eTS2
_fc.2
_gDonaciØn
_h50397
_i109899
_sb
999 _c98242
_d98242